Las razones de la producción del derecho : argumentación constitucional, argumentación parlamentaria y argumentación en la selección de jueces /

Guardado en:
Autor Principal: Cardinaux, Nancy, (coord.)
Otros Autores: Clérico, Laura., (coord.), D'Auria, Aníbal, (coord.), Alexy, Robert., Bulygin, Eugenio., Paulson, Stanley L., Hollander, Pavel., Becker, Michael., Oliver-Lalana, Daniel., Sieckmann, Jan-R., Tschentscher, Axel., Fondevila, Gustavo.
Formato: Desconocido
Idioma:Spanish
Publicado: Buenos Aires : Departamento de publicaciones, Facultad de Derecho UBA, 2006.
Edición:1a. ed.
Series:Investigaciones
Materias:
Etiquetas: Agregar Etiqueta
Sin Etiquetas, Sea el primero en etiquetar este registro!
LEADER 01080nac a22003015a 4500
001 DER.der004118
008 180615s2006####ag#||||||||||||||#||spa||
005 20250210083357.0
245 1 0 |a Las razones de la producción del derecho :  |b argumentación constitucional, argumentación parlamentaria y argumentación en la selección de jueces /  |c Nancy Cardinaux, Laura Clérico, Aníbal D'Auria. 
250 |a 1a. ed. 
260 |a Buenos Aires :  |b Departamento de publicaciones, Facultad de Derecho UBA,  |c 2006. 
300 |a 276 p. 
490 1 |a Investigaciones 
020 |a 9502909577 
100 1 |a Cardinaux, Nancy,  |e coord. 
700 1 |a Clérico, Laura.,  |e coord. 
700 1 |a D'Auria, Aníbal,  |e coord. 
700 1 |a Alexy, Robert. 
700 1 |a Bulygin, Eugenio. 
700 1 |a Paulson, Stanley L. 
700 1 |a Hollander, Pavel. 
700 1 |a Becker, Michael. 
700 1 |a Oliver-Lalana, Daniel. 
700 1 |a Sieckmann, Jan-R. 
700 1 |a Tschentscher, Axel. 
700 1 |a Fondevila, Gustavo. 
650 7 |a INVESTIGACION 
859 |a DERECHO  |b BIB. DERECHO  |h 340.1  |i CAR  |p 005423